Представление документа в формате RUSMARC

ПолеНазваниеЗначение
  Тип записи a
  Библиографический уровень m
001 Контрольный номер RU/SLIB/B/208744714
005 Дата корректировки 20241115142908.6
010 Индекс ISBN __
d Цена 0-45
101 Язык документа 0_
a Язык текста rus
200 Заглавие и сведения об ответственности 1_
a Заглавие Строителю об охране окружающей природной среды
f Первые сведения об ответственности Елшин И. М. ; рец. Л. И. Кудояров
b Общее обозначение материала Текст
210 Выходные данные 1_
a Место издания М.
c Издательство Стройиздат
d Дата издания 1986
215 Физическое описание __
a Объем 136 с.
c Иллюстрации/тип воспроизводства ил.
300 Общие примечания __
a Общие примечания Рец. указ. на обороте тит. л.
320 Библиография __
a Библиография Библиогр.: с. 136, табл., ил.
606 Тематические рубрики __
a Основная рубрика Строительство
606 Тематические рубрики __
a Основная рубрика Общие вопросы строительства
606 Тематические рубрики __
a Основная рубрика Благоустройство населенных мест
610 Ключевые слова 0_
a Ключевые слова благоустройство; окружающая среда; санитарное благоустройство; охрана окружающей среды
686 Индексы других классификаций __
a Классификационный индекс 38.93
700 Автор _1
a Фамилия Елшин
b Имя И. М.
4 Код отношения 070
702 Вторичная интеллектуальная ответственность _1
a Фамилия Кудояров
b Имя Л. И.
4 Код отношения Рецензент
801 Источник записи _0
a Страна RU
b Организация Муниципальное бюджетное учреждение культуры "Централизованная библиотечная система" г. Сургут (Центральная городская библиотека им. А. С. Пушкина)
g Правила каталогизации КиК/Уланова
801 Источник записи _1
a Страна RU
b Организация Муниципальное бюджетное учреждение культуры "Централизованная библиотечная система" г. Сургут (Центральная городская библиотека им. А. С. Пушкина)
g Правила каталогизации КиК/Уланова
852 Данные о местонахождении __
j Шифр хранения 38.93
c Каталожный индекс 38.93
i Авторский знак Е 55
p Инвентарный номер 32861
901 Тип документа __
t Тип документа m
990 Данные о заказе (DOS) __
j Количество экземпляров (DOS) 1
t N записи в КСУ для И/У (DOS) 199101